07070 2203457 4500001002100000008004100021035002000062245007300082100001800155260004700173300002700220020002200247084001700269082001100286650001500297990001200312990001200324990001200336990001200348990001200360990001200372990001200384990001200396990001200408990001200420990001200432990001200444990001200456990001200468990001200480990001200492990001200504990001200516990001200528990001200540990001200552990001200564990001200576990001200588990001200600990001200612990001200624990001200636990001200648990001200660990001200672990001200684990001200696990001200708990001200720990001200732990001200744990001200756990001200768990001200780990001200792990001200804990001200816990001200828990001200840990001200852990001200864990001200876990001200888990001200900990001200912990001200924990001200936990001200948990001200960990001200972990001200984990001200996990001201008990001201020990001201032990001201044990001201056990001201068990001201080990001201092990001201104990001201116990001201128990001201140990001201152990001201164990001201176990001201188990001201200990001201212990001201224990001201236990001201248990001201260990001201272990001201284990001201296990001201308990001201320990001201332990001201344990001201356990001201368990001201380990001201392990001201404990001201416990001201428990001201440990001201452990001201464990001201476990001201488990001201500990001201512990001201524990001201536990001201548990001201560990001201572990001201584990001201596990001201608990001201620990001201632990001201644990001201656990001201668990001201680990001201692990001201704990001201716990001201728990001201740990001201752990001201764990001201776990001201788990001201800990001201812990001201824990001201836990001201848990001201860990001201872990001201884990001201896990001201908990001201920990001201932990001201944990001201956990001201968990001201980990001201992990001202004990001202016990001202028990001202040990001202052990001202064990001202076990001202088990001202100990001202112990001202124990001202136990001202148990001202160990001202172990001202184990001202196990001202208990001202220990001202232990001202244990001202256990001202268990001202280990001202292990001202304990001202316990001202328990001202340990001202352990001202364990001202376990001202388990001202400990001202412990001202424990001202436990001202448990001202460990001202472990001202484990001202496990001202508990001202520990001202532990001202544990001202556990001202568990001202580990001202592990001202604990001202616990001202628990001202640990001202652990001202664990001202676990001202688990001202700990001202712990001202724990001202736990001202748990001202760990001202772990001202784990001202796990001202808990001202820990001202832990001202844990001202856990001202868990001202880990001202892990001202904990001202916990001202928990001202940990001202952990001202964990001202976990001202988990001203000990001203012990001203024990001203036990001203048990001203060990001203072990001203084990001203096990001203108990001203120990001203132990001203144990001203156990001203168990001203180990001203192990001203204990001203216990001203228990001203240990001203252990001203264990001203276990001203288990001203300990001203312990001203324990001203336990001203348990001203360990001203372990001203384990001203396990001203408990001203420990001203432990001203444990001203456990001203468990001203480990001203492990001203504990001203516990001203528990001203540990001203552990001203564990001203576990001203588990001203600INLIS000000000003139 ind  a0010-1025000043 aKoding dan Kecerdasan Artifisial SMA/ MA/ MAK Kelas XcNadya Dewi R. aDewi R, Nadya aMagelang :bPT. Lini Suara Nusantarac2025 a232 hlm.c17,5 X 21 cm a978-623-159-345-0 a005.15 NAD k a005.15 aBuku Paket a0755977 a0755978 a0755979 a0755980 a0755981 a0755982 a0755983 a0755984 a0755985 a0755986 a0755987 a0755988 a0755989 a0755990 a0755991 a0755992 a0755993 a0755994 a0755995 a0755996 a0755997 a0755998 a0755999 a0756000 a0756001 a0756002 a0756003 a0756004 a0756005 a0756006 a0756007 a0756008 a0756009 a0756010 a0756011 a0756012 a0756013 a0756014 a0756015 a0756016 a0756017 a0756018 a0756019 a0756020 a0756021 a0756022 a0756023 a0756024 a0756025 a0756026 a0756027 a0756028 a0756029 a0756030 a0756031 a0756032 a0756033 a0756034 a0756035 a0756036 a0756037 a0756038 a0756039 a0756040 a0756041 a0756042 a0756043 a0756044 a0756045 a0756046 a0756047 a0756048 a0756049 a0756050 a0756051 a0756052 a0756053 a0756054 a0756055 a0756056 a0756057 a0756058 a0756059 a0756060 a0756061 a0756062 a0756063 a0756064 a0756065 a0756066 a0756067 a0756068 a0756069 a0756070 a0756071 a0756072 a0756073 a0756074 a0756075 a0756076 a0756077 a0756078 a0756079 a0756080 a0756081 a0756082 a0756083 a0756084 a0756085 a0756086 a0756087 a0756088 a0756089 a0756090 a0756091 a0756092 a0756093 a0756094 a0756095 a0756096 a0756097 a0756098 a0756099 a0756100 a0756101 a0756102 a0756103 a0756104 a0756105 a0756106 a0756107 a0756108 a0756109 a0756110 a0756111 a0756112 a0756113 a0756114 a0756115 a0756116 a0756117 a0756118 a0756119 a0756120 a0756121 a0756122 a0756123 a0756124 a0756125 a0756126 a0756127 a0756128 a0756129 a0756130 a0756131 a0756132 a0756133 a0756134 a0756135 a0756136 a0756137 a0756138 a0756139 a0756140 a0756141 a0756142 a0756143 a0756144 a0756145 a0756146 a0756147 a0756148 a0756149 a0756150 a0756151 a0756152 a0756153 a0756154 a0756155 a0756156 a0756157 a0756158 a0756159 a0756160 a0756161 a0756162 a0756163 a0756164 a0756165 a0756166 a0756167 a0756168 a0756169 a0756170 a0756171 a0756172 a0756173 a0756174 a0756175 a0756176 a0756177 a0756178 a0756179 a0756180 a0756181 a0756182 a0756183 a0756184 a0756185 a0756186 a0756187 a0756188 a0756189 a0756190 a0756191 a0756192 a0756193 a0756194 a0756195 a0756196 a0756197 a0756198 a0756199 a0756200 a0756201 a0756202 a0756203 a0756204 a0756205 a0756206 a0756207 a0756208 a0756209 a0756210 a0756211 a0756212 a0756213 a0756214 a0756215 a0756216 a0756217 a0756218 a0756219 a0756220 a0756221 a0756222 a0756223 a0756224 a0756225 a0756226 a0756227 a0756228 a0756229 a0756230 a0756231 a0756232 a0756233 a0756234 a0756235 a0756236 a0756237 a0756238 a0756239 a0756240 a0756241 a0756242 a0756243 a0756244 a0756245 a0756246 a0756247 a0756248 a0756249 a0756250 a0756251